La Eucaristía y su relieve artístico en Cataluña /
Colección:
San Jorge,
; núm. 6 (abril 1952), pàg. 8-10
Idioma:
Español
MARC
| LEADER | 00000naa a2200000 a 4500 | ||
|---|---|---|---|
| 003 | Arxiu | ||
| 005 | 20260324181034.0 | ||
| 008 | 160829s1952 spcaxx s spa c | ||
| 040 | |a agdb | ||
| 100 | 1 | |a Trens, Manuel, |9 24290 |d 1892-1976 | |
| 245 | 1 | 3 | |a La Eucaristía y su relieve artístico en Cataluña / |c por Manuel Trens, pbro., director del museo diocesano |
| 490 | |a San Jorge, |v núm. 6 (abril 1952), pàg. 8-10 | ||
| 650 | 0 | |a Imatges i ídols |x Catalunya |9 29824 |2 Arxiu | |
| 650 | 0 | |a Eucaristia |9 54686 |z Catalunya | |
| 773 | |g Núm. 6 (abril 1952), pàg. 8-10 |t San Jorge. | ||
| 901 | |a Arxiu | ||
| 942 | |n 1 |2 udc |c ART | ||
| 952 | |0 0 |1 0 |4 0 |6 REV508 |7 1 |9 64636 |a Arxiu |b Arxiu |d 2022-12-02 |l 0 |o Rev-508 |r 2022-12-02 00:00:00 |w 2022-12-02 |y ARXIU |z També disponible a Rev-521 | ||
| 999 | |c 48180 |d 48180 | ||